[Event "XXVII RUS-chT Women 2020"]
[Site "Sochi"]
[Date "2020.11.27"]
[Round "8.24"]
[White "Stroganova, Karina"]
[Black "Zavivaeva, Evelina"]
[Result "1-0"]
[WhiteElo "1826"]
[BlackElo "1589"]
[Annotator "NA RC"]
[PlyCount "61"]
[EventDate "2020.11.19"]
[EventType "team-tourn"]
[EventCountry "RUS"]
[SourceTitle "playchess.com"]
[Source "ChessBase"]
[SourceQuality "1"]
[TimeControl "40/5400+30:1800+30"]

1. d4 {[%emt 0:00:00]} d5 {[%emt 0:00:00]} 2. c4 {[%emt 0:00:00]} dxc4 {[%emt 0:00:00]} 3. e4 {[%emt 0:00:00]} Nf6 {[%emt 0:00:00]} 4. e5 {[%emt 0:00:06]} Nd5 {[%emt 0:00:04]} 5. Bxc4 {[%emt 0:00:16]} Bf5 {[%emt 0:00:17]} 6. Nf3 {[%emt 0:03:08]} e6 {[%emt 0:13:38]} 7. O-O {[%emt 0:00:47]} Be7 {[%emt 0:00:33]} 8. Nc3 {[%emt 0:00:46]} Nb6 {[%emt 0:02:59]} 9. Bb3 {[%emt 0:00:45]} c6 {[%emt 0:05:39]} 10. Qe2 {[%emt 0:01:45]} O-O {[%emt 0:00:30]} 11. Rd1 {[%emt 0:02:11]} N8d7 {[%emt 0:09:18]} 12. Ne4 {[%emt 0:03:25]} Qc7 {[%emt 0:00:42]} 13. Bg5 {[%emt 0:01:06]} Bxg5 {[%emt 0:04:15]} 14. Nfxg5 {[%emt 0:00:31]} Rad8 {[%emt 0:05:15]} 15. Nd6 {[%emt 0:00:50]} Nc8 {[%emt 0:14:18]} 16. Nxf5 {[%emt 0:01:26]} exf5 {[%emt 0:00:40]} 17. Qh5 {[%emt 0:00:15]} h6 {[%emt 0:07:52]} 18. Nxf7 {[%emt 0:00:15]} Rxf7 {[%emt 0:00:53]} 19. Qxf7+ {[%emt 0:00:07]} Kh8 {[%emt 0:00:28]} 20. e6 {[%emt 0:00:11]} Nd6 {[%emt 0:02:36]} 21. Qe7 {[%emt 0:04:41]} Nc8 {[%emt 0:02:24]} 22. Qh4 {[%emt 0:01:22]} Nf6 {[%emt 0:00:49]} 23. Rac1 {[%emt 0:00:36]} Ne7 {[%emt 0:02:06]} 24. d5 {[%emt 0:01:58]} Nexd5 {[%emt 0:02:22]} 25. Bxd5 {[%emt 0:01:50]} Rxd5 {[%emt 0:01:42]} 26. Rxd5 {[%emt 0:01:17]} Nxd5 {[%emt 0:00:13]} 27. Re1 {[%emt 0:01:34]} Qe7 {[%emt 0:10:52]} 28. Qxe7 {[%emt 0:00:46]} Nxe7 {[%emt 0:00:06]} 29. Rd1 {[%emt 0:00:05]} Ng6 {[%emt 0:00:54]} 30. Rd7 {[%emt 0:00:07]} Kg8 {[%emt 0:00:32]} 31. Rxb7 {[%emt 0:00:26]} 1-0

[Event "XXVII RUS-chT Women 2020"]
[Site "Sochi"]
[Date "2020.11.28"]
[Round "9.1"]
[White "Kochukova, Anna"]
[Black "Kovalevskaya, Ekaterina"]
[Result "1/2-1/2"]
[WhiteElo "2111"]
[BlackElo "2386"]
[Annotator "TA"]
[PlyCount "110"]
[EventDate "2020.11.19"]
[EventType "team-tourn"]
[EventCountry "RUS"]
[SourceTitle "playchess.com"]
[Source "ChessBase"]
[SourceQuality "1"]

{[%evp 12,110,-20,-41,43,33,35,7,39,24,31,31,60,59,91,27,29,24,16,16,22,24,20,0,14,0,0,0,0,0,0,0,0,0,0,0,0,0,0,0,0,-10,0,0,0,0,0,0,0,0,0,0,0,0,0,0,0,0,0,0,0,0,0,0,0,0,0,0,8,0,0,0,8,8,8,8,8,23,107,8,8,8,8,8,8,8,8,8,8,8,8,8,8,8,8,8,8,8,8,8,8]} 1. e4 c5 2. c3 d5 3. exd5 Qxd5 4. d4 Nf6 5. Nf3 Nc6 6. Na3 Bg4 7. Be2 O-O-O {B22: Sicilian: 2 c3.} (7... cxd4 $15 8. cxd4 e6) 8. O-O cxd4 {[#]} 9. Nxd4 $146 ({Predecessor:} 9. cxd4 e6 10. Bf4 Bd6 11. Bxd6 Qxd6 12. Rc1 Kb8 13. Nb5 Qd5 14. Rc5 Qd7 15. Qc2 a6 16. Na3 Bxf3 17. Bxf3 Nxd4 18. Qc3 Nxf3+ 19. gxf3 Qd4 20. Rc8+ Ka7 21. Qxd4+ Rxd4 22. Rxh8 {1-0 (22) Solaroli,R (2006)-Pfuetzner,J playchess.com INT 2004}) 9... Bxe2 10. Qxe2 e6 11. Nab5 Bc5 {[%cal Rc5d4]} 12. Be3 $1 a6 {[#]} 13. Nxc6 ({White should try} 13. b4 $1 $16) 13... Qxc6 $11 14. Na7+ Bxa7 15. Bxa7 Qe4 16. Qxe4 Nxe4 17. Rfd1 Rxd1+ 18. Rxd1 Rd8 19. Rxd8+ Kxd8 {[%mdl 4096] Endgame KB-KN} 20. f3 Nd6 21. Kf2 Kc7 {[#] And now ...b6 would win.} 22. Be3 Kc6 23. Ke2 Kd5 24. b3 b5 25. Kd3 e5 26. a4 f5 27. axb5 axb5 28. Ba7 g6 29. Bb8 Nb7 30. c4+ bxc4+ 31. bxc4+ Ke6 32. Kc3 Na5 33. Ba7 Nc6 34. Be3 Kd6 35. Kb3 f4 36. Bf2 e4 37. fxe4 Ke5 38. Ka4 Kxe4 39. Kb5 Ne5 40. c5 Kd5 41. Bh4 f3 42. gxf3 Nxf3 43. Bf6 Nd2 $1 44. c6 Ke6 (44... Kd6 $11 {keeps the balance.}) 45. Bd8 (45. Bd4 $16) 45... Ne4 $1 {The position is equal.} 46. Kb6 {Black must now prevent Kb7.} Nd6 47. Bc7 Nc8+ 48. Kb7 Ne7 {White should prevent ...Kd5.} 49. Bf4 {Threatens to win with c7.} Kf5 50. Bd6 (50. Bg3 {feels hotter.} Nxc6 51. Kxc6 h5 52. Kb7 g5 53. Bf2) 50... Nxc6 51. Kxc6 {Hoping for Kd7.} g5 52. Kd5 h5 53. Kd4 h4 54. Ke3 Kg4 $1 55. Kf2 {aiming for Kg2.} Kh3 $1 {Weighted Error Value: White=0.09/Black=0.08} 1/2-1/2

[Event "XXVII RUS-chT Women 2020"]
[Site "Sochi"]
[Date "2020.11.28"]
[Round "9.2"]
[White "Bivol, Alina"]
[Black "Zhurova, Anna"]
[Result "1-0"]
[WhiteElo "2373"]
[BlackElo "2078"]
[Annotator "TA"]
[PlyCount "79"]
[EventDate "2020.11.19"]
[EventType "team-tourn"]
[EventCountry "RUS"]
[SourceTitle "playchess.com"]
[Source "ChessBase"]
[SourceQuality "1"]

{[%evp 14,79,6,1,41,25,25,25,42,25,35,18,35,42,47,17,0,10,17,0,19,14,21,15,44,43,67,73,71,51,189,184,245,230,238,219,214,223,487,293,349,331,341,341,338,337,331,325,295,318,374,357,340,345,303,314,705,705,695,687,740,717,1751,1785,1904,1306,4858,4850]} 1. e4 c5 2. Nf3 g6 3. d4 cxd4 4. Qxd4 Nf6 5. Nc3 Nc6 6. Qa4 d6 7. e5 dxe5 8. Nxe5 {With the idea Bc4.} Qd4 {...Qxa4 is the strong threat. B27: Sicilian: 2 Nf3, unusual Black 2nd moves.} 9. Nxc6 Qxa4 10. Nxa4 {Strongly threatening Ne5.} bxc6 {White has an edge.} 11. Be3 e5 12. Bc4 Nd5 13. Bc5 {[#]} Bh6 $146 ({Predecessor:} 13... Be6 14. O-O-O Be7 15. Rhe1 f6 16. g3 g5 17. Bxd5 cxd5 18. f4 gxf4 19. gxf4 e4 20. Bxe7 Kxe7 {1-0 (58) Vocaturo,D (2521)-Del Monaco,A (2247) Padova 2012}) 14. Ba3 Bf5 15. Bb3 f6 16. O-O Kf7 17. Rad1 Rhd8 18. Nc5 Bg4 19. Rde1 Bf8 20. f4 exf4 21. Rxf4 Bxc5+ {This costs Black the game.} (21... h5 $14) 22. Bxc5 $18 Be6 (22... Bf5 $142 23. Re7+ Kg8) 23. Rfe4 Re8 24. c4 Nc7 {[#]} 25. Bd6 $1 {[%cal Rd6c7]} Na6 $2 (25... Rac8 {might work better.} 26. h3 h5) 26. a3 f5 27. Rxe6 Rxe6 28. c5 Rae8 {and the idea ...Kf6 leaves Black hopeful.} 29. Bc4 {[%mdl 64] Pin} ({Weaker is} 29. Rxe6 Rxe6 30. Bc4 Kf6 $18) 29... Kf6 30. Rxe6+ Rxe6 31. Bxa6 Re1+ 32. Kf2 Rb1 33. b4 Ke6 34. Bc4+ Kf6 $2 {[#]} (34... Kd7 35. Bg8 Ke8) 35. b5 $1 {White is clearly winning.} cxb5 36. c6 Rc1 37. Bd5 a5 38. Ke2 b4 39. Kd2 Rc3 40. axb4 {Weighted Error Value: White=0.12/Black=0.32} 1-0

[Event "XXVII RUS-chT Women 2020"]
[Site "Sochi"]
[Date "2020.11.28"]
[Round "9.3"]
[White "Shestakova, Ekaterina"]
[Black "Voit, Daria"]
[Result "0-1"]
[WhiteElo "1966"]
[BlackElo "2353"]
[Annotator "TA"]
[PlyCount "98"]
[EventDate "2020.11.19"]
[EventType "team-tourn"]
[EventCountry "RUS"]
[SourceTitle "playchess.com"]
[Source "ChessBase"]
[SourceQuality "1"]

{[%evp 22,98,9,7,8,0,8,3,0,5,14,-20,-22,-30,-26,-40,-46,-39,-20,-20,-5,-40,-44,-58,-37,-46,-43,-90,-93,-93,-59,-63,-64,-129,-116,-111,-110,-120,-120,-119,-121,-121,-120,-113,-117,-137,-137,-137,-136,-132,-104,-104,-110,-102,-89,-85,-69,-68,-73,-108,-108,-109,-98,-109,-91,-120,-114,-158,-173,-160,-160,-357,-346,-349,-348,-636,-636,-735,-744]} 1. e4 c5 2. c3 Nf6 3. e5 Nd5 4. d4 cxd4 5. cxd4 d6 6. Nf3 Nc6 7. Bc4 Nb6 8. Bb5 dxe5 9. Nxe5 Bd7 10. Nxd7 Qxd7 11. O-O e6 12. Nc3 Rd8 $1 {[%mdl 4] is now more promising than 12...Be7. B22: Sicilian: 2 c3.} 13. Be3 Be7 14. Qg4 O-O {The position is equal.} 15. Rad1 {[%cal Ba1d1,Bd1d3,Bd3h3][%mdl 32]} g6 {[#]} (15... Rfe8 {looks sharper.} 16. d5 Nxd5 17. Bxa7 Qc7 18. Nxd5 exd5 19. Bd4 g6) 16. Rd3 $146 ({Predecessor:} 16. d5 Nxd5 17. Bxa7 Qc7 18. Nxd5 exd5 19. Be3 {½-½ (19) Godena,M (2505)-Can,E (2603) Batumi 2018}) 16... a6 17. Bxc6 Qxc6 18. Bh6 Rfe8 19. Rfd1 Rd7 20. h4 Nd5 21. Rh3 Nf6 22. Qf4 Nh5 23. Qe3 Red8 24. g4 Nf6 25. Qe5 Qc7 (25... b5 {is more complex.} 26. a3 Qd6 27. Qe2 b4 28. axb4 Qxb4 29. Be3 h5) 26. Qxc7 Rxc7 27. Rg3 ({Better is} 27. Bf4 $15 Rc4 28. g5) 27... Rcd7 28. Be3 {[#]} e5 $1 {[%cal Re5d4][%mdl 512]} 29. Ne2 (29. dxe5 Rxd1+) 29... Ne4 30. Rh3 {[#]} Bc5 $1 {[%cal Re5d4][%mdl 512]} 31. Nc3 (31. dxc5 Rxd1+) 31... Nxc3 ({Inferior is} 31... exd4 32. Nxe4 dxe3 33. Nf6+ Kg7 34. Nxd7 $16 (34. Rxd7 $2 {is the wrong capture.} e2 $19)) 32. bxc3 exd4 33. Bg5 {[#]} dxc3 $1 34. Rxd7 Rxd7 35. Rxc3 $17 {[%mdl 4096] Endgame KRB-KRB} Bd4 36. Rc8+ Kg7 37. Kg2 f6 38. Bf4 Kf7 39. Kf3 Ke6 40. Ke2 f5 41. f3 fxg4 42. fxg4 Rf7 43. Bg3 Kd5 44. Re8 b6 45. Rd8+ Kc4 46. Rd6 $2 (46. Re8 $17 {was called for.}) 46... Re7+ $19 47. Kd2 Re4 48. g5 $2 (48. Rc6+ Kb5 49. Rc7) 48... Rg4 49. Be1 Rg2+ {Weighted Error Value: White=0.29/Black=0.06} 0-1

[Event "XXVII RUS-chT Women 2020"]
[Site "Sochi"]
[Date "2020.11.28"]
[Round "9.4"]
[White "Dordzhieva, Dinara"]
[Black "Lesnykh, Zhanna"]
[Result "1-0"]
[WhiteElo "2352"]
[BlackElo "1755"]
[Annotator "TA"]
[PlyCount "79"]
[EventDate "2020.11.19"]
[EventType "team-tourn"]
[EventCountry "RUS"]
[SourceTitle "playchess.com"]
[Source "ChessBase"]
[SourceQuality "1"]

{[%evp 20,79,25,16,11,0,0,0,3,11,61,64,61,77,462,466,447,349,360,355,381,337,327,321,358,368,378,377,447,449,429,420,523,510,512,472,456,435,664,662,801,810,810,781,1091,847,1092,1087,1087,1081,1072,1064,922,922,1069,1008,29989,29988,29990,29981,29981,29982]} 1. d4 d5 2. c4 e6 3. Nf3 Nf6 4. Nc3 c6 5. Bg5 Nbd7 6. e3 Qa5 7. Bxf6 Nxf6 8. Bd3 Bb4 9. Qc2 dxc4 10. Bxc4 O-O 11. O-O c5 {D52: Queen's Gambit Declined: Cambridge Springs Variation.} 12. Ne4 Nxe4 13. Qxe4 cxd4 {The position is equal.} 14. exd4 {[#]} Rb8 $146 ({Predecessor:} 14... Qf5 15. Qxf5 exf5 16. Rad1 Bd7 17. a3 Bd6 18. Rfe1 g6 19. Bb3 Kg7 20. Ne5 Bb5 21. a4 Ba6 22. Bc4 Bxe5 23. Bxa6 Bxd4 24. Bxb7 Rad8 25. b3 {½-½ (25) Diederichsen,D (2175)-Bredemeier,D Germany 1996}) 15. d5 $1 exd5 16. Bxd5 $40 {[%mdl 128] [#] aiming for Ng5. White has strong attack.} Bd7 $2 {[%mdl 8192]} (16... h6 $16) 17. Ng5 $18 {[%csl Gg5][%cal Re4h7]} g6 18. Bxf7+ Rxf7 19. Nxf7 Bc6 20. Qe5 Qxe5 21. Nxe5 Bb5 22. Rfd1 Re8 23. Rd5 Ba6 24. Rad1 Be7 25. Rd7 Bf6 26. f4 Bxe5 27. Rd8 Kf7 {Threatens to win with ...Rxd8.} 28. Rxe8 ({Weaker is} 28. fxe5 Rxe5 29. a4 Re4 $18) 28... Bxf4 (28... Kxe8 $142 29. fxe5 Ke7) 29. Re4 Bg5 30. Rd7+ Kf6 31. g4 h5 {[#]} 32. h4 $1 Bc1 (32... Bxh4 33. gxh5) 33. Rd6+ Kf7 34. g5 {White wants to mate with Rd7+.} Bxb2 35. Rd7+ Kf8 36. Re6 Bc3 37. Rxg6 Be1 38. Rh6 {[%cal Rh6h8] White mates.} Ke8 39. Rc7 {[%cal Rh6h8]} Kd8 40. Rg7 {Black did not feel at home in the position after the opening.  Weighted Error Value: White=0.17/Black=0.68} 1-0

[Event "XXVII RUS-chT Women 2020"]
[Site "Sochi"]
[Date "2020.11.28"]
[Round "9.5"]
[White "Afonasieva, Anna"]
[Black "Pogonina, Natalija"]
[Result "0-1"]
[WhiteElo "2316"]
[BlackElo "2475"]
[Annotator "TA"]
[PlyCount "88"]
[EventDate "2020.11.19"]
[EventType "team-tourn"]
[EventCountry "RUS"]
[SourceTitle "playchess.com"]
[Source "ChessBase"]
[SourceQuality "1"]

{[%evp 9,88,-3,16,4,7,5,8,9,24,0,2,1,28,0,11,12,13,5,5,12,13,0,0,0,0,-23,0,-11,-6,-20,-12,-20,-13,-7,0,0,0,-42,-38,-38,-38,-40,-43,-42,-20,-140,-137,-208,-200,-192,-200,-194,-120,-122,-96,-208,-189,-168,-174,-220,-142,-286,-220,-454,-448,-481,-479,-481,-481,-479,-472,-457,-448,-29972,-29966,-29981,-29982,-29982,-29983,-29983,-29984]} 1. d4 Nf6 2. Bf4 d5 3. e3 c5 4. c3 Nc6 5. Nd2 cxd4 6. exd4 {D00: 1 d4 d5: Unusual lines.} Bf5 7. Qb3 Qc8 8. Ngf3 {The position is equal.} e6 9. Be2 Be7 10. O-O O-O 11. h3 Ne4 12. Nxe4 Bxe4 13. Qd1 {[#]} Na5 $146 ({Predecessor:} 13... a6 14. Nd2 Bg6 15. b4 a5 16. a3 b6 17. Qb3 Rd8 18. Rfc1 Bf6 19. Be3 Qb8 {½-½ (49) Karlik,V (2299)-Vrana,J (2236) Nachod 2009}) 14. Nd2 Bg6 15. b4 Nc6 {[%cal Ba5c6,Bc6e7,Be7f5][%mdl 32]} 16. a4 Qd8 17. Nb3 Bd6 18. Qd2 Rc8 19. a5 Ne7 20. Rfc1 Nf5 21. Be5 Qc7 22. g4 Ne7 23. Nc5 {White wants to play Bxd6.} Bxe5 24. dxe5 b6 ({Of course not} 24... Qxe5 $6 25. Nd7 $16) 25. axb6 axb6 26. Na4 Rb8 $36 {[%mdl 2048] Black has the initiative.} 27. f4 (27. Qe3 $1 $11) 27... f6 $1 $17 {[%cal Rf6e5]} 28. exf6 (28. Qe3 $17) 28... Rxf6 $19 29. Rf1 {[#]} Be4 $1 30. c4 dxc4 ({Black should play} 30... Ng6 $19 {[%cal Rg6f4]} 31. cxd5 Bxd5) 31. Nc3 $17 Bb7 {aiming for ...Ng6.} 32. Qd4 (32. Rad1 $17) 32... Nd5 ({Stronger than} 32... Qc6 33. Bf3 $11) 33. Nxd5 Bxd5 34. g5 Rff8 35. b5 {Loses the game.} (35. Bg4 $17) 35... c3 36. Ra3 $2 (36. Rf2) 36... Rbc8 $19 37. Rc1 {[%cal Ra3c3]} c2 38. Ra4 Bb3 39. Rb4 Rfd8 40. Qe3 {[#]} Rd1+ $1 41. Kh2 (41. Bxd1 $19 cxd1=Q+ 42. Rxd1 Bxd1 43. Rd4) 41... Rxc1 {[%mdl 64] Overworked Piece. Black mates.} 42. Qxc1 Qc5 43. Rxb3 Qf2+ {[%mdl 64] Double Attack} 44. Kh1 Qxe2 {Weighted Error Value: White=0.46/Black=0.11} 0-1

[Event "XXVII RUS-chT Women 2020"]
[Site "Sochi"]
[Date "2020.11.28"]
[Round "9.6"]
[White "Girya, Olga"]
[Black "Semenova, Elena"]
[Result "1/2-1/2"]
[WhiteElo "2469"]
[BlackElo "2299"]
[Annotator "TA"]
[PlyCount "132"]
[EventDate "2020.11.19"]
[EventType "team-tourn"]
[EventCountry "RUS"]
[SourceTitle "playchess.com"]
[Source "ChessBase"]
[SourceQuality "1"]

{[%evp 20,132,14,6,17,9,43,21,32,30,18,16,14,25,14,18,18,27,41,32,32,33,29,48,27,26,37,42,31,16,42,7,28,25,23,19,19,10,5,4,6,0,0,0,0,0,0,0,14,0,0,0,0,0,0,0,0,0,0,0,0,0,0,0,0,0,0,0,0,0,0,0,0,0,0,0,0,0,0,0,0,0,0,0,0,0,0,0,0,0,0,0,0,0,0,0,0,0,0,0,0,0,0,0,0,0,0,0,0,0,0,0,0,0,0]} 1. d4 Nf6 2. c4 e6 3. Nf3 b6 4. g3 Ba6 5. b3 Bb4+ 6. Bd2 Be7 7. Nc3 Bb7 8. Bg2 d5 9. cxd5 exd5 10. O-O O-O 11. Rc1 Nbd7 {E15: Queen's Indian: 4 g3 sidelines, 4 g3 Ba6 and 4 g3 Bb7 early deviations.} 12. Ne5 c5 13. Nxd7 (13. Bf4 {keeps more tension.} Re8 14. Nc4 Rc8 15. Ne3 cxd4 16. Qxd4 Bc5 17. Qd1) 13... Qxd7 14. Bg5 cxd4 15. Qxd4 {[#]} h6 $146 ({Predecessor:} 15... Rfd8 16. Qd3 h6 17. Bxf6 Bxf6 18. Rfd1 d4 19. Bxb7 Qxb7 20. Ne4 Be5 21. f4 Bd6 {1-0 (37) Malisauskas,V (2431)-Klabis,R (2251) Vilnius 2016}) 16. Bxf6 Bxf6 17. Qd3 {[%cal Rc3d5]} Rad8 18. Rfd1 {[%cal Rc3d5]} Bxc3 19. Rxc3 d4 20. Bxb7 Qxb7 21. Rc4 Rfe8 22. Rd2 Qd5 23. Rc7 a5 24. Rdc2 g6 25. R2c6 {[#] Strongly threatening Rxg6+!} Rd6 26. Rxd6 Qxd6 $11 {[%mdl 4096] Endgame KQR-KQR} 27. Qc4 Re6 $1 {The position is equal.} 28. Rc8+ Kg7 29. Kf1 h5 30. Ra8 Qe5 31. Rd8 Rd6 32. Rxd6 Qxd6 {KQ-KQ} 33. h4 f5 34. f4 Kf6 35. Qb5 Ke6 36. Kf2 Qc5 37. Qe8+ Kf6 38. Qd8+ Ke6 39. Qe8+ Kf6 40. Kf1 Qc1+ 41. Kg2 Qc2 42. Qd8+ Kf7 43. Qd7+ Kf8 44. Kf2 Qc5 45. Kg2 Qc2 46. Qd6+ Kf7 $1 47. Qd5+ Kf8 {Threatens to win with ...Qe4+.} 48. Kf2 Qe4 49. Qd6+ Kf7 50. Qc7+ Kf8 51. Qxb6 {[#] And now Qf6+ would win.} Qe3+ $1 52. Kf1 {aiming for Qf6+.} Qxg3 53. Qf6+ Ke8 54. Qe6+ Kf8 55. Qf6+ Ke8 56. Qxd4 Qxh4 57. Qe5+ Kf7 58. Qc7+ Ke6 59. Qc6+ Kf7 60. Qd5+ Ke7 61. Qf3 {Cut Off at move 61} Kd6 62. Qe3 Qh1+ 63. Kf2 Qh2+ 64. Kf1 Qh1+ 65. Kf2 Qh2+ 66. Kf1 Qh1+ {Weighted Error Value: White=0.02/Black=0.03} 1/2-1/2

[Event "XXVII RUS-chT Women 2020"]
[Site "Sochi"]
[Date "2020.11.28"]
[Round "9.7"]
[White "Vasilevich, Irina"]
[Black "Badelka, Olga"]
[Result "0-1"]
[WhiteElo "2258"]
[BlackElo "2427"]
[Annotator "TA"]
[PlyCount "82"]
[EventDate "2020.11.19"]
[EventType "team-tourn"]
[EventCountry "RUS"]
[SourceTitle "playchess.com"]
[Source "ChessBase"]
[SourceQuality "1"]

{[%evp 22,82,47,21,14,16,26,10,27,23,23,15,21,11,25,4,33,29,37,-1,27,0,0,-16,31,30,45,-18,-16,-12,-4,-36,-28,-53,-85,-68,-18,-111,-95,-125,24,0,14,-83,-99,-278,-201,-203,-198,-196,-189,-175,-95,-634,-633,-29986,-29987,-29987,-29988,-29996,-29997,-29997,-29998]} 1. e4 c5 2. Nf3 d6 3. d4 cxd4 4. Nxd4 Nf6 5. Nc3 a6 6. Bc4 e6 7. Bb3 Qc7 8. O-O Nc6 9. Be3 Be7 10. f4 O-O 11. Qf3 Na5 12. f5 {[%cal Rf5e6]} Nxb3 {B88: Sicilian: Sozin Attack.} 13. cxb3 Bd7 14. Rac1 Qa5 {The position is equal.} 15. a3 Rac8 16. b4 Qd8 {[#]} 17. Rfd1 $146 ({Predecessor:} 17. g4 e5 18. Nde2 h6 19. Rcd1 Bc6 20. Ng3 Nh7 21. Nd5 Bxd5 22. Rxd5 Rc2 {½-½ (54) Mussanti,D (2320)-Frhat,A (2303) Dos Hermanas 2004}) 17... Qe8 18. Kh1 h6 19. Bf2 b5 20. Qe2 Nh7 21. a4 Bg5 22. Ra1 Rc4 23. axb5 axb5 24. Ra7 (24. Bg3 $14) 24... Bf4 $11 25. fxe6 fxe6 26. Be3 (26. Nf3 $5 {[%cal Rg2g3]} Bc6 27. g3 $17) 26... Bxe3 27. Qxe3 Rxb4 28. Nf3 Rxb2 29. Rxd6 (29. Qc1 $11 Rb3 30. Rxd6) 29... Qg6 $17 {[%csl Gb2][%cal Rg6g2]} 30. Ne2 Bc8 ({Black should try} 30... Rb1+ $17 31. Neg1 Be8) 31. h3 Nf6 {Strongly threatening ...Rxe2!} 32. Nd2 (32. Rc6 $1 $11 {keeps the balance.}) 32... b4 33. Ng1 $2 {[#]} (33. Rd3 $17) 33... Rxd2 $1 {[%mdl 512]} 34. Rxd2 {Black must now prevent Rd4.} Nxe4 {And now ...Ng3+ would win.} 35. Nf3 Nxd2 36. Qxd2 {[#]} Qe4 ({Black should play} 36... e5 $1 $19 {Threatens to win with ...b3.} 37. Qe3 (37. Nxe5 Qe4) 37... e4) 37. Qb2 $2 {[%mdl 8192]} (37. Ra4 $17) 37... Bb7 $19 38. Ra4 Rxf3 {Black mates.} 39. gxf3 Qxf3+ {[%mdl 64] Double Attack} 40. Kh2 Qh1+ 41. Kg3 Qg1+ {Weighted Error Value: White=0.79/Black=0.27} 0-1

[Event "XXVII RUS-chT Women 2020"]
[Site "Sochi"]
[Date "2020.11.28"]
[Round "9.8"]
[White "Kovanova, Baira"]
[Black "Stroganova, Karina"]
[Result "1-0"]
[WhiteElo "2323"]
[BlackElo "1826"]
[Annotator "TA"]
[PlyCount "73"]
[EventDate "2020.11.19"]
[EventType "team-tourn"]
[EventCountry "RUS"]
[SourceTitle "playchess.com"]
[Source "ChessBase"]
[SourceQuality "1"]

{[%evp 10,73,25,18,36,45,31,49,41,17,45,30,18,17,28,0,0,-27,-15,-14,-8,-11,-3,-6,8,0,0,0,0,0,0,0,0,-57,-49,-88,-46,-91,-87,-95,-88,-170,-87,-249,-237,-248,-246,-238,-223,-249,-249,-277,-252,-302,-316,-439,-416,-426,-414,-547,695,685,639,657,554,538]} 1. d4 d5 2. c4 dxc4 3. Nf3 a6 4. e3 b5 5. a4 Bb7 6. b3 Nf6 {D22: Queen's Gambit Accepted: 3 Nf3 a6 4 e3.} 7. bxc4 bxc4 8. Bxc4 e6 {White is slightly better.} 9. O-O Be7 10. Qe2 O-O 11. Nbd2 Nbd7 12. e4 c5 13. Bb2 cxd4 {[#]} 14. Nxd4 $146 ({Predecessor:} 14. Bxd4 Nc5 15. Rfd1 Qa5 16. e5 Nd5 17. Nb3 Nxb3 18. Bxb3 Nc3 19. Bxc3 Qxc3 20. Rab1 Bxf3 21. gxf3 {0-1 (100) Starcic,T (2106)-Novak,K (2101) Slovenia 2011}) 14... Nc5 {[%cal Rf6e4]} 15. Rfd1 Qc7 {[%cal Rf6e4]} 16. Rac1 Qa5 17. N4b3 Nxb3 $1 18. Nxb3 Qxa4 19. Bxf6 Bxf6 20. Nc5 {[%mdl 64] Double Attack} Qc6 21. Bd3 (21. Nd7 $1 $11) 21... Rfc8 22. Rc2 {next Rb1 is good for White.} Be7 23. Nxb7 Qxb7 24. Rb2 Qa7 25. e5 (25. Ra2 $17) 25... a5 ({Black should play} 25... g6 $1 $19 26. Ra2 a5) 26. h4 $2 (26. Qe4 $17 {was worth a try.} g6 27. Rb7) 26... a4 $1 $19 {[%cal Ba5a4,Ba4a3][%mdl 32]} 27. h5 a3 28. Ra2 Rab8 29. Bb1 Rb3 30. Rad2 {[%cal Ba2d2,Bd2d7,Bd7f7][%mdl 32]} Qb6 31. Qe4 g6 $1 32. hxg6 hxg6 33. Rd7 Rb4 34. Qd3 Bh4 $4 {[%mdl 8192] [#]} (34... Rb2 $19 35. Qf1 Qc5) 35. Rxf7 $1 $18 {[%mdl 512] White is clearly winning.} Rg4 {[#] aiming for ...Rd8.} (35... Kxf7 36. Qxg6+) 36. Qd7 $1 {[%mdl 512] Threatening mate with Rg7+.} Bxf2+ 37. Kf1 {Quite a comeback for White.  Weighted Error Value: White=0.25/Black=0.26} 1-0

[Event "XXVII RUS-chT Women 2020"]
[Site "Sochi"]
[Date "2020.11.28"]
[Round "9.9"]
[White "Ovod, Evgenija"]
[Black "Goltseva, Ekaterina"]
[Result "0-1"]
[WhiteElo "2338"]
[BlackElo "2306"]
[Annotator "TA"]
[PlyCount "66"]
[EventDate "2020.11.19"]
[EventType "team-tourn"]
[EventCountry "RUS"]
[SourceTitle "playchess.com"]
[Source "ChessBase"]
[SourceQuality "1"]

{[%evp 11,66,20,17,14,39,32,31,42,42,-16,-7,-18,-21,-16,-15,-19,-18,-15,-6,-16,-18,-18,-18,-38,-34,-12,-15,-57,-57,-53,-45,-375,-404,-535,-603,-604,-568,-597,-586,-2128,-2034,-1760,-1690,-1577,-1503,-1355,-899,-1494,-1406,-1466,-1199,-29986,-29987,-29987,-29988,-29972,-29973]} 1. e4 e6 2. d4 d5 3. Nd2 Be7 4. Bd3 c5 5. dxc5 Nf6 6. Qe2 O-O 7. Ngf3 {C03: French Tarrasch: Unusual Black 3rd moves.} Nfd7 8. Nb3 a5 9. a4 {White is slightly better.} Na6 {[%cal Bb8a6,Ba6c5,Bc5e4][%mdl 32]} 10. e5 (10. exd5 $14 Ndxc5 11. Nxc5 Nxc5 12. dxe6 Nxd3+ 13. Qxd3) 10... Ndxc5 $11 11. Nbd4 Nxd3+ {[#]} 12. Qxd3 $146 ({Predecessor:} 12. cxd3 Nc5 13. O-O Bd7 14. b3 f5 15. Ba3 b6 16. Rfc1 h6 17. Rc3 Qe8 18. Qc2 {1-0 (35) Karpatchev,A (2484)-Abdel Razik,K (2410) Ismailia 2004}) 12... Nc5 13. Qe3 Bd7 14. b3 Ne4 15. O-O Rc8 16. Bb2 Bc5 17. Ne1 f6 18. Nd3 Bb6 {Strongly threatening ...Rxc2!} 19. c4 dxc4 20. Qxe4 {bxc4 is the strong threat.} f5 $36 {[%mdl 2048] Black fights for an advantage.} 21. Nxf5 $2 {[%mdl 8192]} (21. Qf4 $15 cxd3 22. Rad1) 21... Rxf5 $19 ({Weaker is} 21... cxd3 22. Nd6 $15) 22. bxc4 Bc6 23. Qe2 {[#]} Qg5 $1 {[%csl Gc6][%cal Rg5g2][%mdl 512]} 24. Ne1 Rcf8 25. Bc1 Rxf2 26. Rxf2 Rxf2 27. Qxf2 Bxf2+ 28. Kxf2 Qf5+ 29. Kg1 Qxe5 {[%cal Re5e1][%mdl 64] [#] Double Attack} 30. Nc2 Be4 31. Ba3 Bxc2 {Black mates.} 32. Rf1 Qe3+ {[%mdl 64] Double Attack} 33. Kh1 Qxa3 {White got outplayed after the opening.  Weighted Error Value: White=1.06/Black=0.28} 0-1